Unregelmäßige Steigerung von Adjektiven - Statistiken

Allgemein
  • Dieses Quiz wurde 23 mal gespielt
  • Das Durchschnittsergebnis liegt bei 9 aus 12
Antwortstatistiken
Hint Steigerung % Korrekt
magnus maior
100%
magnus maximus
100%
bonus melior
92%
bonus optimus
92%
malus pessimus
92%
malus peior
77%
parvus minimus
69%
parvus minor
62%
multum plūs
62%
multī plūrēs
54%
multī plūrimī
54%
multum plūrimum
54%
Keine übereinstimmenden Quizze gefunden
Verteilung der Resultate
Anzahl Personen mit jedem Resultat
Perzentil nach korrekt beantworteten Fragen
Ihre Resultats-Entwicklung
Sie haben dieses Quiz noch nicht gespielt